| 000 | 01650nam a22004457a 4500 | ||
|---|---|---|---|
| 001 | 000095346 | ||
| 003 | CHAP | ||
| 005 | 20220329143106.0 | ||
| 008 | 060306d2005 mx r 00110 spa d | ||
| 010 | _a91812 | ||
| 011 | _a92784 | ||
| 035 | _a103350 | ||
| 040 | _cCHAP | ||
| 090 | _aTesis | ||
| 100 | 0 | 0 |
_aMartínez Pérez, Félix Donaciana. _972389 |
| 245 | 1 | 0 |
_aAnálisis socioeconómico y agroecológico con enfoque de género en la producción de rosa (Puebla y Estado de México) / _c/por Felix Donaciana Martínez Pérez. |
| 260 |
_aChapingo, Méx. : _bEl autor, _c2005. |
||
| 300 | _a250 h. | ||
| 502 | _aTesis (Doctor en Ciencias en Ciencias Agrarias) - - UACH. Departamento de Sociología Rural | ||
| 590 |
_aALEPH _b10 _c20130110 _lUCH01 _h1509 |
||
| 590 |
_aBATCH-UPD _b10 _c20130110 _lUCH01 _h1634 |
||
| 590 |
_aBATCH-UPD _b10 _c20130410 _lUCH01 _h1026 |
||
| 590 |
_aBATCH-UPD _b10 _c20130914 _lUCH01 _h1308 |
||
| 590 |
_aBATCH-UPD _b10 _c20140324 _lUCH01 _h1454 |
||
| 590 |
_aBATCH-UPD _b10 _c20141002 _lUCH01 _h0829 |
||
| 590 |
_aCONVERSION _b10 _c20130109 _lUCH01 _h1351 |
||
| 590 |
_aE11695DGD _b10 _c20141006 _lUCH01 _h1043 |
||
| 590 |
_aE12093SGE _b10 _c20130604 _lUCH01 _h1255 |
||
| 650 | 1 | 4 |
_aEnfoque de género. _936945 |
| 650 | 1 | 4 |
_aRosas _xMéxico (Edo.) _999980 |
| 650 | 1 | 4 |
_aRosas _xProducción. _999985 |
| 650 | 1 | 4 |
_aRosas _xPuebla. _999987 |
| 856 |
_3Finding aid _uhttp://10.13.5.2/tesis/103350.pdf _zTeclea aquí |
||
| 901 | _aBK | ||
| 905 | _aLilia | ||
| 942 | _cCD | ||
| 942 | _n0 | ||
| 949 |
_aTesis _bBC _cTES _d33724000979787 _eTS2 _fc.2 _h44781 _i103350 _si |
||
| 949 |
_aTesis _bBC _cTES _d33724000979845 _eTS1 _h44780 _i103350 _sb |
||
| 999 |
_c91812 _d91812 |
||